Public sector and Monotary Policy in the Seacan Countries (Record no. 2814)
[ view plain ]
| 000 -LEADER | |
|---|---|
| fixed length control field | 00363nam a22001337a 4500 |
| 008 - FIXED-LENGTH DATA ELEMENTS--GENERAL INFORMATION | |
| fixed length control field | 250403b |||||||| |||| 00| 0 eng d |
| 020 ## - INTERNATIONAL STANDARD BOOK NUMBER | |
| ISBN | 9839553941 |
| 100 ## - MAIN ENTRY--AUTHOR | |
| Author | FELIX-Fres Marial |
| 245 ## - TITLE STATEMENT | |
| Title | Public sector and Monotary Policy in the Seacan Countries |
| 260 ## - PUBLICATION, DISTRIBUTION, ETC. (IMPRINT) | |
| Place of publication | NIL |
| Name of publisher | The south East Asian |
| Date of publication | 1992 |
| 300 ## - COLLATION | |
| Pagination | xxv, 431p. |
| 942 ## - ADDED ENTRY ELEMENTS (KOHA) | |
| Item type | Books |
| 050 ## - LIBRARY OF CONGRESS CALL NUMBER | |
| Classification number | HG230 |
| Item number | .F45 |
| Source of classification or shelving scheme | Not for loan | Permanent location | Current location | Date acquired | Accession No. | Full call number | Barcode. | Koha item type |
|---|---|---|---|---|---|---|---|---|
| Library of Congress Classification | Samuel Ogbemudia Main Library, University of Abuja | Samuel Ogbemudia Main Library, University of Abuja | 04/03/2025 | 2016/480130 | HG230.F45 | 2025-1123 | Books |